000 00458nam a2200181Ia 4500
008 100917s9999 xx 000 0 und d
082 _b52422
100 _aकुरळे शाम
245 _aपायवाट
260 _bसीता प्रकाशन
_c1979
300 _a80
365 _b7
520 _aकविता
630 _aपायवाट
650 _aकविता
730 _aपायवाट
942 _cBOOK
999 _c657816
_d657813